Central Library OPAC University of Rajshahi

Alignment in contemporary international relations / (Record no. 53183)

MARC details
000 -LEADER
fixed length control field 00658nam a2200217 a 4500
001 - CONTROL NUMBER
control field 53183
003 - CONTROL NUMBER IDENTIFIER
rucl marc code BD-RjUL
005 - DATE AND TIME OF LATEST TRANSACTION
control field 20211209075925.0
008 - FIXED-LENGTH DATA ELEMENTS--GENERAL INFORMATION
fixed length control field 161003s1981 ii 100 0 eng
035 ## - SYSTEM CONTROL NUMBER
System control number (BD-RjUL)53303
040 ## - CATALOGING SOURCE
Original cataloging agency DLC
Transcribing agency DLC
Modifying agency DLC
-- BD-RjUL
Language of cataloging eng
041 ## - LANGUAGE CODE
Language code of text/sound track or separate title eng
082 00 - DEWEY DECIMAL CLASSIFICATION NUMBER
Classification number 327
Edition number 23
Author mark and year NON 1951
245 00 - TITLE STATEMENT
Title Alignment in contemporary international relations /
Statement of responsibility, etc. editors, K.P. Misra, K.R. Narayanan.
260 ## - PUBLICATION, DISTRIBUTION, ETC. (IMPRINT)
Place of publication, distribution, etc. New Delhi :
Name of publisher, distributor, etc. Vikas pub. house,
Date of publication, distribution, etc. 1951
300 ## - PHYSICAL DESCRIPTION
Pagination vii, 125 p. ;
Size 23 cm.
650 ## - SUBJECT ADDED ENTRY--TOPICAL TERM
Topical term or geographic name as entry element International relations
9 (RLIN) 158983
700 1# - ADDED ENTRY--PERSONAL NAME
Personal name Misra, K. P.
Dates associated with a name 1929-
Personal name Narayanan, K. R.
942 ## - ADDED ENTRY ELEMENTS (KOHA)
Source of classification or shelving scheme Dewey Decimal Classification
Koha item type Books
Holdings
Lost status Source of classification or shelving scheme Damaged status Not for loan Collection code Permanent Location Current Location Shelving location Date acquired Source of acquisition Cost, normal purchase price Total Checkouts Full call number Date last seen Copy number Koha item type
  Dewey Decimal Classification     Non-fiction Central Library, University of Rajshahi Central Library, University of Rajshahi   11/09/1990 U.P.Ltd. 125.00   327 NON 1981 03/10/2016 C-2 Books